| 000 | 00650nas a22002054a 4500 | ||
|---|---|---|---|
| 001 | ESSALUD | ||
| 008 | m2026 pe r gr 0 0 spa d | ||
| 022 | _a3119-7981 | ||
| 040 | _aESSALUD | ||
| 041 | _aspa | ||
| 245 | _aCiencia y Tecnología aplicada a la Salud Pública | ||
| 246 | _aRevista científica de EsSalud | ||
| 260 |
_aLima : _bIETSI |
||
| 362 | _airregular | ||
| 650 | _aATENCIÓN AL PACIENTE | ||
| 650 |
_aSALUD PÚBLICA _91652 |
||
| 650 |
_aSEGURIDAD SOCIAL _92070 |
||
| 710 |
_aPerú. Seguro Social de Salud (EsSalud). Instituto de Evaluación de Tecnologías en Salud e Investigación _943862 |
||
| 942 |
_cPP _e2026-06-05 _zAFC |
||
| 999 |
_c22497 _d22497 |
||